000 00195nam a2200097Ia 4500
008 170619s9999 xx 000 0 und d
100 _aKraus J D
245 0 _aAntennas
260 _bTMH
260 _c2002
546 _aENGLISH
999 _c16859
_d16859